000 01038nam a2200349 a 4500
001 000109948
003 CHAP
005 20231009090411.0
008 140613s1996 mx |r| ||||||spa d
010 _a106410
011 _a107382
040 _cCHAP
082 0 4 _a615.53
_bG216
100 1 _aGarcía, Hernán
_9127303
245 1 0 _aMedicina Maya tradicional :
_bconfrontación con el sistema conceptual chino /
_cpor Hernán García, Antonio Sierra y Gilberto Balam.
250 _a? ed.
260 _aMéxico, D. F. :
_bEducación, Cultura y Ecología, A.C.,
_c1996.
300 _a340 P.
590 _aE11695DGD
_b10
_c20150513
590 _aE5765TAJ
_b05
_c20140613
650 1 4 _aCuranderos.
_930506
650 1 4 _aMedicina alternativa.
_973914
650 1 4 _aMedicina china.
_973916
650 1 4 _aMedicina Maya.
_973919
650 1 4 _aTerapéutica fisiológica.
_9112346
700 1 _aBalam, Gilberto
_99599
700 1 _aSierra, Antonio
_9127304
901 _aBK
942 _2ddc
942 _n0
_2ddc
942 _cLIBRO
999 _c106410
_d106410